Statistics for Names in Nursery Rhymes

Click here to take the quiz!

General Stats

  • This quiz has been taken 52 times
  • The average score is 15 of 20

Answer Stats

Lyrics% Correct
Jack and {Jill} went up the hill
98%
{Humpty} {Dumpty} sat on a wall
95%
{Mary}, {Mary} quite contrary
93%
Little Miss {Muffet}, sat on her tuffet
91%
Little {Bo} {Peep} has lost her sheep
89%
Old {MacDonald} had a farm, EIEIO
89%
Do you know the {Muffin} {Man}?
80%
There was a farmer had a dog and {Bingo} was his name-o
80%
Little {Jack} Horner sat in the corner
77%
{Georgie} Porgie, pudding and pie
75%
Old Mother {Hubbard} went to the cupboard
75%
Little boy {Blue} come blow your horn
68%
Old {King} {Cole} was a merry old soul
68%
Diddle, diddle, dumpling, my son {John}
66%
{Peter}, {Peter} pumpkin eater
66%
Simple {Simon} met a pieman going to the fair
66%
{Yankee} {Doodle} went to town, riding on a pony
61%
{Polly} put the kettle on
52%
The grand old {Duke} {of} {York}
52%
{Tom}, {Tom} the piper's son
36%

Score Distribution

Percentile by Number Answered

Percent of People with Each Score

Your Score History

You have not taken this quiz